• 首页
  • 本馆介绍
  • 公告通知
  • 最新文献
  • 馆藏检索
  • 电子资源
  • 读者导购
  • 参考咨询
  • 我的图书馆
  • 登录
  • 详细信息显示
  • 放入我的书架
  • 预约/预借图书
  • 作者相关作品
  • 分类相关作品
  • 丛书相关作品
  • 出版社相关作品

书目信息

  • 表格格式
  • 工作单格式
  • 卡片格式
题名:
基础化学实验
    
 
作者: 廖戎 , 刘兴利 , 冯豫川 主编
分册:  
出版信息: 北京   化学工业出版社  2013
页数: 281页
开本: 26cm
丛书名:
单 册:
中图分类: O6-3
科图分类:
主题词: 化学实验--hua xue shi yan--高等学校--教材
电子资源:
ISBN: 978-7-122-16090-4
000 01052nam0 2200289 450
001 012001001596
005 20131108144612.0
010    @a978-7-122-16090-4@dCNY30.00
099    @aCAL 012013030160
100    @a20130306d2013 em y0chiy50 ea
101 0  @achi
102    @aCN@b110000
105    @aak a 000yy
106    @ar
200 1  @a基础化学实验@Aji chu hua xue shi yan@f廖戎, 刘兴利, 冯豫川主编
210    @a北京@c化学工业出版社@d2013
215    @a281页@c图@d26cm
320    @a有书目 (第281页)
330    @a本书内容包括化学实验基本知识、常用仪器及使用方法、基本操作、无机化学实验、有机化学实验、分析化学实验、综合实验、设计实验等, 全书共8章, 选编54个具有代表性的实验项目。附录部分包括常用化学手册、网站网址、期刊杂志等。
333    @a高等学校“十二五”规划教材
606 0  @a化学实验@Ahua xue shi yan@x高等学校@j教材
690    @aO6-3@v5
701  0 @a廖戎@Aliao rong@4主编
701  0 @a刘兴利@Aliu xing li@4主编
701  0 @a冯豫川@Afeng yu chuan@4主编
801  0 @aCN@b北京卓展@c20191020
905    @b1198628-31@dO6-3@e1024@f4
    
    基础化学实验/廖戎, 刘兴利, 冯豫川主编.-北京:化学工业出版社,2013
    281页:图;26cm
    使用对象:高等学校“十二五”规划教材
    
    ISBN 978-7-122-16090-4:CNY30.00
    本书内容包括化学实验基本知识、常用仪器及使用方法、基本操作、无机化学实验、有机化学实验、分析化学实验、综合实验、设计实验等, 全书共8章, 选编54个具有代表性的实验项目。附录部分包括常用化学手册、网站网址、期刊杂志等。
●
相关链接 在E读中查询图书 在五车中查询图书 在当当中查询图书 在豆瓣中查询图书


正题名:基础化学实验     索取号:O6-3/1024         预约/预借

序号 登录号 条形码 馆藏地/架位号 状态 备注
1 1198628   211986289   第二样本阅览室/ [索取号:O6-3/1024] 在馆    
2 1198629   211986298   第三借阅区/ [索取号:O6-3/1024] 在馆    
3 1198630   211986305   第三借阅区/ [索取号:O6-3/1024] 在馆    
4 1198631   211986314   第三借阅区/ [索取号:O6-3/1024] 在馆    
唐山师范学院图书馆 欢迎您!
大连网信软件有限公司© 版权所有